=LDR 00000nam 2200000 4500 =001 INLIS000000000030486 =005 20130612132627 =008 ***********************************Ind** =035 ##$$0010-061300000030486 =041 ##$$a Ind =082 ##$$a 920.1 =090 ##$$a 920.1, Kar a =100 ##$$a Kartono, Drajat Tri =245 ##$$a Orang Boyan Bawean, Perubahan lokal dalam transformasi global, Dr Drajat Tri Kartono =260 ##$$a 2004 $b Surakarta =300 ##$$a 334 hlm, 21 cm =650 ##$$a Biografi Orang Boyan Bawean =850 ##$$a NBPNMAT